01034nam a22001457a 4500003000900000005001700009008004100026040001300067100002000080245004400100260007900144300001900223490010800242520053800350IT-RoPau20220918181222.0141006b xxu||||| |||| 00| 0 eng d cIT-RoPau aDal Molin, Nico aDiventare DonobPer far fiorire la vita aCastelgandolfo (Roma)bCentro Sussidi Vocazionali (Suore Apostoline)c1997 a125 pp.c20 cm aCentro Sussidi Vocazionali (Suore Apostoline)v3° Vol. - Supplemento a Se Vuoi 1/ 1997 - Anno XXXVIII aIndice Prefazione Presentazione La bellezza del cuore umano Per imparare a vivere “dentro” Nel cuore dell’uomo dislocato La parola chiave è “seguimi” La gioia di decidersi per Lui Vocazione e amore: due sentieri convergenti Quando un SÌ crea stupore Povertà: il miracolo delle mani vuote Castità: la beatitudine del Cantico L’obbedienza è ancora una virtù Ritorna al tuo primo amore Trova la Beatitudine e scopri la tua Vocazione Ma in noi c’è paura ’Al tirà: non temere Camminate nel Signore Gesù